Novena journal of communication (Record no. 38582)

MARC details
000 -LEADER
fixed length control field 00437nam a2200169Ia 4500
022 ## - INTERNATIONAL STANDARD SERIAL NUMBER
ISSN 2616101x
050 ## - CALL MARK
Classification number PQ 7298.24 .N68/
245 #0 - TITLE STATEMENT
Title Novena journal of communication
260 ## - PUBLICATION, DISTRIBUTION, ETC. (IMPRINT)
Place of publication Delta state, Nigeria
260 ## - PUBLICATION, DISTRIBUTION, ETC. (IMPRINT)
Name of publisher Franklead printing and publishing company
260 ## - PUBLICATION, DISTRIBUTION, ETC. (IMPRINT)
Year of publication 2019
300 ## - PHYSICAL DESCRIPTION
Number of Pages vi, 220 p. ; 24 cm.
650 ## - SUBJECT ADDED ENTRY--TOPICAL TERM
Topical Term Novena
942 ## - ADDED ENTRY ELEMENTS (KOHA)
Koha item type Serials

No items available.